00513nam a2200133Ia 4500008004100000100003200041245004300073260006900116300001100185650002300196856006800219999001900287952007300306160712s9999 xx 000 0 und d aCampilan, Victorette Joy Z. cVictorette Joy Z. CampilanaReak Dhaka c2013bLikhaan: The Journal of Contemporary Philippine Literature avol. 7 xFICTION/NONFICTION uhttp://journals.upd.edu.ph/index.php/lik/issue/view/537/showToc c297283d297283 001040aCLbCLd2016-07-12l0r2016-07-12 00:00:00w2016-07-12yFEJ